000 00870nam a2200229 a 4500
001 49221
003 BD-RjUL
005 20211209054643.0
008 160818s2000 bg ||||| |||| 00| p ben d
020 _c: Tk. 40.00
035 _a(BD-RjUL) 49340
040 _aBD-RjUL
_bben
_cBD-RjUL
041 _aben
082 _223
_a891.441
_bSHS 2000
100 1 _aশাহি, পাবলো
_9147930
245 1 0 _aশব্দবিশারদগণ কহেন উহা পেণ্ডুলাম শরীরের গোলাকার মহাপ্রাণধ্বনি /
_cপাবলো শাহি
260 _aযশোর :
_bভূর্জপত্র,
_c২০০০ (১৪০৭)
300 _a৩২ পৃ. ;
_c২১ সেমি.
650 _aবাংলা কবিতা
_9147935
650 _aBengali Poetry
_9147936
942 _2ddc
_cBK
999 _c49221
_d49221